|
|
|
|
| LEADER |
00678nta a2200205 i 4500 |
| 001 |
dokt7036 |
| 005 |
20220630115754.0 |
| 008 |
220630s1985 hu om 0|| hun d |
| 040 |
|
|
|a SZTE Doktori Repozitórium
|b hun
|
| 041 |
|
|
|a hun
|
| 100 |
1 |
|
|a Mező Tamás
|
| 245 |
1 |
0 |
|a Fizikai problémák a besugárzástervezésben
|h [elektronikus dokumentum] /
|c Mező Tamás
|
| 260 |
|
|
|c 1985
|
| 502 |
|
|
|a Disszertacio
|
| 650 |
|
4 |
|a klinikai orvostudományok
|
| 650 |
|
4 |
|a Orvos- és egészségtudomány
|
| 650 |
|
4 |
|a Klinikai orvostan
|
| 695 |
|
|
|a Radiológia
|
| 700 |
1 |
|
|a Kelemen János
|e ths
|
| 856 |
4 |
0 |
|u https://doktori.bibl.u-szeged.hu/id/eprint/7036/1/1985_mezo_tamas.pdf
|z Dokumentum-elérés
|